Quizzes
Events
Quiz Creation
Community
Videos
Private Events
Remove Ads
Sign In
Join for FREE
Feedback
Dark Mode
Quiz Categories
Sports
Geography
Music
Movies
Television
Just For Fun
Miscellaneous
History
Literature
Language
Science
Gaming
Entertainment
Religion
Holiday
For Kids
Quiz Lab
Recent
Popular Today
Quiz Kudos Today
Editor Picks
Curator Picks
Quizzes by...
Day
Popularity
Type
Ratings
Length
Year
Community
Subscriptions
Recent Discussions
Orange Saloon
Badges
Playlists
Quests
Create
Leaderboards
Showdown
Live 5
Trivia Bingo
Activity
Puzzle Library
Sporcle Events
Private Events
Virtual Trivia
Globe League
Become a Host
Pub Owners
SporcleCon
Opinionation
Our Games
Videos
Blog
Mobile Apps
Partnerships
Remove Ads and Go Orange
Feedback
History
US Presidents
World Leaders
Politics
Nation
Discovery
War
Decade
Year
Century
Biography
Art
History
US Presidents
World Leaders
Politics
Nation
Discovery
War
Decade
Year
Century
Biography
Art
Random Quiz
Search Sporcle
×
Quiz Lab
Quiz Lab
History
2010
Type in answers that appear in a list
Type in answers that appear in a list
Classic
Best Score? Go Orange.
Everything about India Stats
Can you name the facts about India?
By
xlomi
15m
26 Questions
662 Plays
662 Plays
662 Plays
Comments
Comments
Give Quiz Kudos
Give Quiz Kudos
-
- Ratings
hide this ad
Replay
Link that replays current quiz
Next Quiz
Link to next quiz in quiz playlist
You Got
0%
They Got
Avg Score
65%
Avg Friend Score
Upgrade to see
Score Distribution
Jump to the score distribution portion of the page
Score
0/26
Timer
15:00
0
Plays Today
Hint
Answer
% Correct
Bordering Country
Pakistan
94.9%
Capital
New Delhi
94.7%
Continent
Asia
93.4%
Bordering Country
China
91.7%
Official Language
Hindi
90.9%
Bordering Country
Nepal
90.5%
Flag Color
Green
89.4%
Flag Color
White
89.1%
Flag Color
Orange
85.3%
Bordering Country
Bangladesh
85.2%
Bordering Country
Bhutan
78.2%
National Animal
Tiger
74%
Country Name
Republic of India
72.7%
Hint
Answer
% Correct
Bordering Country
Myanmar
72.5%
National Bird
Peacock
72.4%
National Fruit
Mango
68%
Number of States
28
65.4%
National Anthem
Jana Gana Mana
62.8%
National Flower
Lotus
62.2%
Bordering Country
Afghanistan
55.3%
Independence From
Great Britain
32.3%
Highest Point
Kanchenjunga
25.7%
Independence Date
August 15, 1947
24.3%
Population Place in the World
2
12.2%
Number of Territories
7
7.9%
National Parks
94
5.1%
Quiz Playlist
Details
Report
Send in Message
Add To Playlist
Classic:
Type in answers that appear in a list
Last Updated: Feb 16, 2017
Quiz Scoreboard
CHALLENGE
Sign Up to Join the Scoreboard
Show All
Scores
Hide
Comments
May contain spoilers
Recently Published
9x9 Crossword: Cartoon Network
by jackfrog10
Miscellaneous
3m
College Basketball Coaching Resumes
by pancakes188
Sports
9m
Billboard Blitz: Fleetwood Mac
by CooCooCachoo
Music
15s
More to Explore
Quiz From the Vault
Featured Blog Post
Where Did the Easter Bunny Come From?
hide this ad
You Might Also Like...
Tags
2010
History Evolution
Today's Top Quizzes in History
Browse History
hide this ad
Today's Top Quizzes in 2010
Browse 2010
Top Contributed Quizzes in History
1
Popular People in 1991
2
Popular People in 1981
3
Popular People in 1951
4
Popular People in 1941
5
Popular People in 1986
6
Popular People in 1976
7
Popular People in 1921
8
5-to-1: 20th Century Images of War
9
I Am Born On March 28th
10
Popular People in 1946
Explore More
Trending Topics
Kpop
NBA
Disney
Anime
Crossword
Harry Potter
Marvel
The Office
Soccer
Pokémon
Puzzle
Country
NFL
WWE
Song
hide this ad
More By:
xlomi
Quiz
Plays
Rating
Category
Featured
Created
Everything about India
662
1.00
History
Nov 2, 2010
Go to Creator's Profile
Score Distribution
Quiz Creator Spotlight
xlomi
Follow
Send a Message
Quizzes Created
-
Created Quiz Play Count
-
More By This Creator
Popular Quizzes Today
1
Find the US States - No Outlines Minefield
2
Find the Countries of Europe - No Outlines Minefield
3
The Countries of the World
4
Find the US States
5
Risky Map Clicking: Biggest States A-Z
6
US States
7
Popular People in 1961
8
Movies - When Are They Set?
More History Quizzes
One Thing in Common: Ancient History
Editor's Pick
Trending Quizzes
Risky Map Clicking: Least Populous States A-Z
1-10 Letter G Words
1-10 Letter F Words
Risky Map Clicking: Next State Alphabetically
Adjectives in 80s TV Shows
Recently Updated
Leaping Animals
pecheneg
Reality TV Shows (A-Z)
bhenderson79
Rickey Henderson's Hall of Fame Teammates
pecheneg
Champions League XIs: Arsenal
pecheneg
Quick Pick: Celebrities in WWE's Hall of Fame
aduchscher
A-Z Keypad Blitz II
pecheneg
Multiple Oscar Actors
pecheneg
Mystery Phrase Blitz: Oscar 'Best Actors'
pecheneg
F. Scott Fitzgerald Novels
LTH
Pick 3 Villains
ddd62291
Trending Topics
Crossword
NBA
Disney
Kpop
Anime
Harry Potter
Marvel
Puzzle
Country
Song
Pokémon
The Office
NFL
Soccer
WWE
Your Account Isn't Verified!
In order to create a playlist on Sporcle, you need to verify the email address you used during registration. Go to your
Sporcle Settings
to finish the process.
Report this User
Report this user for behavior that violates our
Community Guidelines
.
Details:
Send Report
Go to the Sporcle.com Mobile Site →
Comments